| 000 | 00485nam a2200181 a 4500 | ||
|---|---|---|---|
| 005 | 20210219161316.0 | ||
| 008 | 120111s1990 mx r 000 0 spa d | ||
| 020 | _a1853020311 | ||
| 035 | _aUPN01000182916 | ||
| 049 | _aUNE | ||
| 080 | 0 | _a37. 015. 4 (100) =20 GIR | |
| 100 | 1 | _aGirod, Roger | |
| 245 | 1 | 0 | _aProblems of sociology in education |
| 260 |
_aParis : _bUNESCO; _bJessica Kingsley Publishers _c1990 |
||
| 300 | _a159 p. | ||
| 500 | _acon bibliografia | ||
| 905 | _aUNESCO | ||
| 999 |
_c155019 _d155019 |
||